• 首页
  • 本馆介绍
  • 公告通知
  • 最新文献
  • 馆藏检索
  • 电子资源
  • 读者导购
  • 参考咨询
  • 我的图书馆
  • 登录
  • 详细信息显示
  • 放入我的书架
  • 预约/预借图书
  • 作者相关作品
  • 分类相关作品
  • 丛书相关作品
  • 出版社相关作品

书目信息

  • 表格格式
  • 工作单格式
  • 卡片格式
题名:
唐律研究
    
 
作者: 乔伟
分册:  
出版信息: 济南   山东人民出版社  31138
页数: 419页
开本: 20cm
丛书名:
单 册:
中图分类: DF
科图分类:
主题词: 政治
电子资源:
ISBN:
000 00450nam0 2200181 450
001 0728815141
005 20070819080015.14
010    @d¥3.65
100    @a20070819d km y0chiy0120 ea
101 0  @achi
200 1  @a唐律研究@Atang lu yan jiu@f乔伟@Fqiao wei
210    @a济南@c山东人民出版社@d31138
215    @a419页@d20cm
606 0  @a政治
690    @aDF@v3
701  0 @a乔伟@Aqiao wei
801  0 @aCN@bPFT@c20070819
905    @a213230@dDF@eZW113@f1
    
    唐律研究/乔伟.-济南:山东人民出版社,31138
    419页;20cm
    
    
    ISBN :¥3.65
    
●
相关链接 在E读中查询图书 在五车中查询图书 在当当中查询图书 在豆瓣中查询图书


正题名:唐律研究     索取号:DF/ZW113         预约/预借

序号 登录号 条形码 馆藏地/架位号 状态 备注
1 7601483   276014830   中文系资料室/ [索取号:DF/ZW113] 在馆    
唐山师范学院图书馆 欢迎您!
大连网信软件有限公司© 版权所有